000 01248nam a2200325 a 4500
001 000111019
003 CHAP
005 20220329144154.0
008 141125s2014 mx sm |||||||spa d
010 _a107481
011 _a108453
040 _cCHAP
090 _aTesis
100 1 _aLópez López, Gilberto
_9128810
245 1 0 _aAnálisis y diseño de la producción de jitomate en invernadero "producto de los Altos S.P.R. DE R.L.", Tzutzben, Larráinzar, Chis.
_h[En línea]
_cpor Gilberto López López.
260 _aChapingo, Méx. :
_bEl autor,
_c2014.
500 _aPara ver el contenido del material haga clic en la liga
502 _aTesis (Lic.en Administración de Empresas Agropecuarias)-- UACH. División de Ciencias Económico- Administrativas
590 _aE11695DGD
_b10
_c20141125
_lUCH01
_h1412
590 _aE5765TAJ
_b05
_c20141125
_lUCH01
_h1137
590 _aE5765TAJ
_b05
_c20141125
_lUCH01
_h1137
650 1 4 _aTomate
_xCultivos en invernadero.
_9113704
650 1 4 _aTomate
_xMercadeo.
_9113738
650 1 4 _aTomate
_xProducción.
_9125346
650 1 4 _aTomate
_xRendimiento.
_9113761
856 _aFinding aid
_uhttp://10.13.5.2/tesis/sist111019.pdf
_zTeclea aquí
901 _aBK
942 _cTESIS
942 _n0
999 _c107481
_d107481